000 00297nam a22001337a 4500
003 SGT
020 _a978-0833-54024-4
082 _a614.1
_bKIR
100 _aKIRBY, LORNE T.
245 _aDNA FINGERPRINTING AN INTRODUCTION
260 _aUSA
_bMOCMILLAN
_c2020
300 _a365
942 _2ddc
_cBK
999 _c22393
_d22393